Lengua : 8 egb - 2 esb /

Guardado en:
Autor Principal: Seoane, Carolina
Otros Autores: Di Marzo, Laura, Zunino, Carolina, Roich, Paula, Muschietti, Marcelo, Progano, Graciela, Barbeito, Vanina
Formato: Libro
Publicado: Buenos Aires : Estrada, 2009
Series:Confluencias
Materias:
Etiquetas: Agregar Etiqueta
Sin Etiquetas, Sea el primero en etiquetar este registro!
LEADER 01063nam a22003015a 4500
001 CEM.cems013489
005 20110303085100.0
008 130507s2009##################000#0#####d
003 CEMS
020 |a 9789500112109 
082 0 4 |a Z468 
100 1 |a Seoane, Carolina 
245 1 0 |a Lengua :  |b 8 egb - 2 esb /  |c Carolina Seoane ... [et Al.] 
260 |a Buenos Aires :  |b Estrada,  |c 2009 
300 |a 224 p. 
490 0 |a Confluencias 
500 |a Para nivel Educación General Básica 
505 0 |a Los relatos maravillosos -- Los cuentos realistas -- Textos de opinión -- La literatura didáctica -- Las poesías -- Los textos periodísticos -- El teatro -- Los cuentos policiales -- Los relatos épicos -- Las novelas 
653 |a Lengua 
653 |a Lengua- 8º egb 
653 |a Lengua- 2º esb 
700 1 |a Di Marzo, Laura 
700 1 |a Zunino, Carolina 
700 1 |a Roich, Paula 
700 1 |a Muschietti, Marcelo 
700 1 |a Progano, Graciela 
700 1 |a Barbeito, Vanina 
859 |a CEMS  |b BIB. CEMS - 11 de abril  |h Z468  |i Se61  |p 26115.11  |t Ej.1  |v 2  |3 2